[Event "Josef Kupper Memorial 2019"]
[Site "Zurich"]
[Date "2019.08.16"]
[Round "4.6"]
[White "Sukandar, Irine Kharisma"]
[Black "Donchenko, Alexander"]
[Result "0-1"]
[WhiteElo "2385"]
[BlackElo "2618"]
[Annotator "TA"]
[PlyCount "78"]
[EventDate "2019.08.14"]
[EventType "swiss"]
[EventCountry "SUI"]
[SourceTitle "playchess.com"]
[Source "ChessBase"]
[SourceQuality "1"]

{[%evp 24,78,6,6,10,0,0,0,0,0,1,0,0,0,0,0,0,-17,-15,-47,-34,-31,-26,-70,-35,-72,-75,-83,-81,-62,-68,-108,-110,-114,-108,-115,-106,-123,-121,-126,-131,-130,-125,-124,-124,-130,-124,-166,-147,-153,-152,-152,-145,-147,-142,-147,-127]} 1. e4 c6 2. d4 d5 3. Nc3 dxe4 4. Nxe4 Bf5 5. Ng3 Bg6 6. h4 h6 7. Nf3 Nd7 8. h5 Bh7 9. Bd3 Bxd3 10. Qxd3 e6 11. Bd2 Ngf6 12. O-O-O Be7 13. Kb1 Qb6 {B19: Classical Caro-Kann: 4...Bf5 main line} (13... O-O 14. Ne4 c5 15. g4 Nxg4 16. Qe2 Qb6 17. Ne5 Ndxe5 18. dxe5 f5 19. exf6 Nxf6 20. Nc3 Rad8 21. Rhg1 Kh8 22. Rg6 {½-½ (38) Saric,I (2662)-Nisipeanu,L (2672) Heraklio 2017}) 14. Rhe1 O-O 15. Nf5 exf5 {The position is equal.} 16. Rxe7 Qd8 $1 {[%cal Rd8e7]} 17. Re2 Ne4 18. Bf4 Ndf6 19. Ne5 Nd5 $36 {[%mdl 2048] Black has some pressure.} 20. Bd2 (20. g3 {keeps more tension.} Qb6 21. Ka1 Rad8 22. c4 Ndf6 23. g4) 20... Re8 21. Qf3 $146 ({Predecessor:} 21. Rde1) 21... Nxd2+ 22. Rexd2 Qg5 23. g3 Rad8 24. Rd3 Nf6 25. Rh1 Ng4 26. Qg2 Qe7 27. Nxg4 fxg4 28. f3 Qf6 29. fxg4 Rxd4 30. Rxd4 Qxd4 $17 {[%mdl 4096] Endgame KQR-KQR} 31. Qf3 Qe4 32. Qd1 Re5 33. b3 Rd5 34. Qe1 {[#]} Rd4 $1 ({Don't play} 34... Qxg4 $6 35. Qe8+ Kh7 36. Qxf7 $11) 35. Qg1 Rd2 {Black is clearly better.} ({But not} 35... Qxg4 36. Qe3 $17) 36. Qc1 {[#]} Rxc2 $1 {[%mdl 576] Deflection} 37. Qxc2 Qxh1+ 38. Kb2 Qf3 39. Qc5 b6 {Accuracy: White = 65%, Black = 94%.} 0-1

[Event "Josef Kupper Memorial 2019"]
[Site "Zurich"]
[Date "2019.08.16"]
[Round "4.7"]
[White "Svane, Rasmus"]
[Black "Idani, Pouya"]
[Result "1/2-1/2"]
[WhiteElo "2610"]
[BlackElo "2581"]
[Annotator "TA"]
[PlyCount "40"]
[EventDate "2019.08.14"]
[EventType "swiss"]
[EventCountry "SUI"]
[SourceTitle "playchess.com"]
[Source "ChessBase"]
[SourceQuality "1"]

{[%evp 9,40,25,26,31,28,28,29,34,28,24,22,29,31,24,24,22,23,14,22,16,8,18,24,10,18,16,16,17,25,19,20,0,8]} 1. Nf3 d5 2. d4 Nf6 3. c4 e6 4. Nc3 a6 5. cxd5 exd5 6. Bg5 {D37: Queen's Gambit Declined: 5 Bf4} Be6 7. e3 Nbd7 8. Bd3 {White has an edge.} Bd6 (8... h6 9. Bf4 g5 10. Bg3 Nh5 11. Be5 Nhf6 12. Bg3 Nh5 13. Ne2 Nxg3 14. Nxg3 {1-0 (61) Leko,P (2679)-Caruana,F (2832) Germany 2019}) 9. O-O $146 ({Predecessor:} 9. Qc2 c6 10. Bf4 Qc7 11. Bxd6 Qxd6 12. h3 O-O {0-1 (52) Sunilduth Lyna,N (2574)-Maghsoodloo,P (2636) Abu Dhabi 2018}) 9... c6 10. Bf4 Qc7 11. Bxd6 Qxd6 12. h3 O-O 13. Qc2 g6 14. a3 Qe7 15. Rfe1 Nb6 {[%cal Bd7b6,Bb6c8,Bc8d6][%mdl 32]} 16. b4 Nc8 17. Ng5 Nd6 18. Nxe6 Qxe6 19. Na4 Qe7 20. Nc5 a5 {Accuracy: White = 70%, Black = 88%.} 1/2-1/2

[Event "Josef Kupper Memorial 2019"]
[Site "Zurich"]
[Date "2019.08.16"]
[Round "4.8"]
[White "Bogner, Sebastian"]
[Black "Karthik Venkataraman"]
[Result "1/2-1/2"]
[WhiteElo "2569"]
[BlackElo "2462"]
[Annotator "ChessBase"]
[PlyCount "47"]
[EventDate "2019.08.14"]
[EventType "swiss"]
[EventCountry "SUI"]
[SourceTitle "playchess.com"]
[Source "ChessBase"]
[SourceQuality "1"]
[TimeControl "40/5400+30:1800+30"]

1. d4 Nf6 2. c4 g6 3. Nc3 d5 4. cxd5 Nxd5 5. e4 Nxc3 6. bxc3 Bg7 7. Nf3 c5 8. Bb5+ Nc6 9. O-O cxd4 10. cxd4 O-O 11. Bxc6 bxc6 12. Ba3 Bg4 13. Bc5 Re8 14. Rb1 e5 15. dxe5 Qa5 16. Qc2 Bxf3 17. gxf3 Bxe5 18. Rfd1 Qc7 19. h3 Bf4 20. Bd4 Be5 21. Be3 Bf4 22. Bd4 Be5 23. Be3 Bf4 24. Bd4 1/2-1/2

[Event "Josef Kupper Memorial 2019"]
[Site "Zurich"]
[Date "2019.08.16"]
[Round "4.9"]
[White "Bauer, Christian"]
[Black "Zysk, Robert"]
[Result "1/2-1/2"]
[WhiteElo "2626"]
[BlackElo "2404"]
[Annotator "TA"]
[PlyCount "92"]
[EventDate "2019.08.14"]
[EventType "swiss"]
[EventCountry "SUI"]
[SourceTitle "playchess.com"]
[Source "ChessBase"]
[SourceQuality "1"]

{[%evp 11,92,5,7,0,0,0,29,22,21,2,29,28,25,31,14,37,33,17,37,31,30,27,29,20,38,38,38,37,32,39,40,40,37,0,0,-4,0,-3,48,52,59,52,50,32,62,0,0,0,0,0,-14,0,0,0,0,0,0,0,0,0,0,0,0,0,0,0,0,0,0,0,0,0,0,0,0,0,0,0,0,0,0,0,0]} 1. Nf3 Nf6 2. c4 c6 3. Nc3 d5 4. e3 e6 5. b3 Bd6 6. Bb2 Nbd7 7. Qc2 {A11: English Opening: 1...c6} Qe7 (7... a6 8. d4 O-O 9. Bd3 e5 10. cxd5 cxd5 11. dxe5 Nxe5 12. Nxe5 Bxe5 13. Ne2 Qd6 14. Bxe5 Qxe5 15. Qc3 Qd6 16. f3 Bd7 17. Kf2 {1-0 (34) Wei,Y (2734)-Wang,H (2710) Tianjin 2018}) 8. Be2 a6 9. d4 {White has an edge.} O-O 10. Rd1 Re8 11. O-O b5 12. e4 Nxe4 13. Nxe4 dxe4 14. Ne5 $146 ({Predecessor:} 14. Qxe4 Nf6 15. Qh4 bxc4 16. bxc4 c5 17. Bd3 h6 18. Rfe1 cxd4 19. Nxd4 {1-0 (113) Arsovic,G (2470)-Jevtic,S (2190) Senta 2007}) 14... Bb7 15. Nxd7 Qxd7 16. c5 Be7 17. Qxe4 Bf6 18. Bd3 g6 19. Qf3 Bg7 20. h4 a5 21. Rfe1 b4 22. Qf4 Ba6 23. Be4 Bb5 24. h5 a4 (24... Qe7 $11) 25. h6 $14 Bh8 $1 26. Qd2 axb3 27. axb3 f5 28. Bb1 ({White should try} 28. Bf3 $1 $14) 28... Rab8 $11 {The position is equal.} 29. Re3 Qd5 30. Qe1 Bf6 31. Bc2 Kf7 32. Ra1 Ra8 33. Qxb4 Rxa1+ 34. Bxa1 Ra8 35. Qc3 Rd8 {[%cal Rf6d4]} 36. Qe1 Bxd4 37. Bxd4 Qxd4 38. Rxe6 {[#] And now Re7+ would win.} Qxc5 39. Bb1 Rd1 40. Qxd1 {Threatening mate with Qd7+.} Kxe6 41. b4 Qxb4 {aiming for ...Bc4.} 42. Ba2+ Kf6 43. Qd8+ Qe7 44. Qd2 Qe2 45. Qd8+ Qe7 46. Qd2 Qe2 {Accuracy: White = 80%, Black = 68%.} 1/2-1/2

[Event "Josef Kupper Memorial 2019"]
[Site "Zurich"]
[Date "2019.08.16"]
[Round "4.10"]
[White "Martirosyan, Haik M."]
[Black "Vorotnikov, Vladislav V"]
[Result "1-0"]
[WhiteElo "2619"]
[BlackElo "2417"]
[Annotator "RC"]
[PlyCount "61"]
[EventDate "2019.08.14"]
[EventType "swiss"]
[EventCountry "SUI"]
[SourceTitle "playchess.com"]
[Source "ChessBase"]
[SourceQuality "1"]
[TimeControl "40/5400+30:1800+30"]

1. d4 Nf6 2. Nf3 d6 3. g3 c6 4. Bg2 h6 5. c4 Bf5 6. Nc3 e6 7. d5 cxd5 8. cxd5 e5 9. O-O Nbd7 10. Ne1 g5 11. e4 Bg6 12. Nd3 Be7 13. Be3 Kf8 14. f4 gxf4 15. gxf4 exf4 16. Bxf4 Qb6+ 17. Kh1 Nh5 18. Ne2 Bg5 19. Bd2 Bxd2 20. Qxd2 Re8 21. Qc3 Rg8 22. Nd4 Rxe4 23. Nf5 Bxf5 24. Rxf5 Rxg2 25. Kxg2 Re2+ 26. Nf2 Ne5 27. Qh3 Qxf2+ 28. Rxf2 Nf4+ 29. Kh1 Nxh3 30. Rxe2 Nf4 31. Rd2 1-0

[Event "Josef Kupper Memorial 2019"]
[Site "Zurich"]
[Date "2019.08.16"]
[Round "4.11"]
[White "Theodorou, Nikolas"]
[Black "Ostovic, Matija"]
[Result "1-0"]
[WhiteElo "2548"]
[BlackElo "2397"]
[Annotator "ChessBase"]
[PlyCount "95"]
[EventDate "2019.08.14"]
[EventType "swiss"]
[EventCountry "SUI"]
[SourceTitle "playchess.com"]
[Source "ChessBase"]
[SourceQuality "1"]
[TimeControl "40/5400+30:1800+30"]

1. d4 Nf6 2. c4 e6 3. g3 d5 4. Bg2 Be7 5. Nf3 O-O 6. O-O Nbd7 7. Qc2 c6 8. Nbd2 b6 9. e4 dxc4 10. Nxc4 Bb7 11. Bf4 c5 12. Rfe1 cxd4 13. Nd6 Bxd6 14. Bxd6 Rc8 15. Qa4 Nc5 16. Qxd4 Re8 17. e5 Nfe4 18. b4 Nxd6 19. exd6 Nd7 20. Rac1 Bd5 21. Ne5 Bxg2 22. Kxg2 Nxe5 23. Qxe5 Qd7 24. Kg1 f6 25. Qd4 Red8 26. Rxc8 Rxc8 27. Rd1 b5 28. Qe4 Rc4 29. Qa8+ Rc8 30. Qf3 Kf7 31. Qh5+ Kg8 32. a4 bxa4 33. Qa5 Kf7 34. b5 Rc4 35. Qa6 Rc8 36. Qxa4 Rc5 37. Qb3 Ke8 38. Re1 Kf7 39. Rd1 Ke8 40. Qb1 Rxb5 41. Qxh7 Kf7 42. Qe4 a5 43. Qd4 Ke8 44. Rc1 Rb8 45. Qg4 Qxd6 46. Qxg7 Qe5 47. h4 Rd8 48. Rc7 1-0

[Event "Josef Kupper Memorial 2019"]
[Site "Zurich"]
[Date "2019.08.16"]
[Round "4.12"]
[White "Rohrer, Christophe"]
[Black "Pavlovic, Milos"]
[Result "0-1"]
[WhiteElo "2208"]
[BlackElo "2502"]
[Annotator "TA"]
[PlyCount "126"]
[EventDate "2019.08.14"]
[EventType "swiss"]
[EventCountry "SUI"]
[SourceTitle "playchess.com"]
[Source "ChessBase"]
[SourceQuality "1"]

{[%evp 14,126,54,37,31,11,41,33,43,24,29,43,43,4,30,13,31,-19,16,3,0,0,15,7,12,17,14,-7,-18,-70,-64,-49,-28,-57,-31,-43,-39,-77,-70,-68,-62,-89,-88,-121,-125,-167,-160,-220,-228,-260,-138,-173,-108,-260,-233,-495,-490,-489,-490,-434,-283,-594,-601,-527,-392,-372,-374,-354,-369,-387,-367,-449,-447,-438,-455,-437,-431,-427,-414,-532,-521,-29991,-29970,-29970,-261,-29971,-29972,-5414,-271,-274,-255,-272,-259,-254,-253,-272,-230,-234,-260,-258,-251,-243,-216,-224,-202,-400,-380,-500,-445,-1054,-898,-4986,-4907,-6083,-5210]} 1. e4 c5 2. Nf3 e6 3. c4 a6 4. Nc3 b6 5. Be2 Bb7 6. O-O Qc7 7. d4 cxd4 8. Nxd4 Nf6 {A34: Symmetrical English: 2 Nc3, lines with ...d5} 9. Bd3 Bc5 10. Nb3 $146 ({Predecessor:} 10. Be3 Nc6 11. Nc2 Ne5 12. f3 h5 13. Qd2 h4 14. b4 Bd6 15. h3 Nh5 16. Rfd1 Nxd3 17. Qxd3 {½-½ (45) Eraschenkov,D (2384)-Kamsky,G (2700) playchess.com INT 2005}) 10... Be7 {White is slightly better.} 11. Qe2 d6 12. f4 Nc6 13. a3 O-O 14. Be3 Nd7 15. Nd4 Nc5 16. Bc2 Bf6 $36 {[%mdl 2048] White is under pressure.} 17. Qf2 Nxd4 18. Bxd4 Bxd4 19. Qxd4 e5 20. Qf2 exf4 21. Nd5 ({Better is} 21. Rad1 $11) 21... Bxd5 $1 $15 22. exd5 Rae8 23. Rae1 Re5 24. Qxf4 Nd7 25. Kh1 Rxe1 26. Rxe1 {With the idea Re7.} Ne5 $1 27. b3 b5 28. Rc1 {cxb5 would now be nice for White.} bxc4 29. bxc4 Qc5 30. Qh4 (30. Qg3 $17 {was called for.}) 30... g6 $19 31. Qe1 Rb8 ({But not} 31... Qxa3 32. c5 $19) (31... Rc8 $19 32. Rb1 Qxa3) 32. Qc3 $17 Rc8 (32... f5 $19 33. h3 Qf2) 33. Bb3 $2 (33. Bd3 $17) 33... Qxa3 $19 34. Qc2 $2 (34. Bd1 Qc5 35. Be2) 34... Rb8 35. Rb1 a5 {[%cal Ba6a5,Ba5a4][%mdl 32]} 36. h3 {[#]} a4 $1 {[%mdl 512]} 37. Ba2 $2 (37. Bxa4 {nothing else works.} Rxb1+ 38. Qxb1) 37... Rxb1+ 38. Qxb1 Nd3 39. c5 Nxc5 40. Qb8+ Kg7 41. Qxd6 Qe3 ({Less strong is} 41... Qxa2 42. Qe5+ f6 43. Qc7+ Nd7 44. Qxd7+ Kh6 45. Qe6 $17) 42. Qc7 {White hopes to continue with d6.} Ne4 {White must now prevent ...Ng3+.} 43. Qe5+ Kh6 44. Kh2 {intending Bb1.} f6 45. Qb8 Kg5 46. Bb1 Nd2 {And now ...Nf1+ would win.} 47. d6 Nf1+ 48. Kh1 Ng3+ 49. Kh2 Ne2 {[%csl Ge2][%cal Re3g1]} 50. h4+ Kh5 $2 (50... Kh6 {( -> ...Qg3+)} 51. d7 Qg1+ 52. Kh3 Qh1+ 53. Qh2 Qxb1) 51. d7 Qg1+ 52. Kh3 {Intending Qb5+ and mate.} Qh1+ 53. Qh2 Nf4+ $1 54. Kg3 {[#]} Qxh2+ $1 ({Don't play} 54... Qxb1 55. d8=Q $19) 55. Kxh2 {[%mdl 4096] Endgame KB-KN} Ne6 56. Ba2 Nd8 57. Kg3 Kh6 58. Kf4 Kg7 59. g4 $2 (59. Ke3) 59... Kf8 60. h5 Ke7 {Black is clearly winning.} 61. hxg6 (61. Ke3 $142 Nc6 62. Kd2) 61... hxg6 62. g5 f5 63. Ke5 Nc6+ {Accuracy: White = 28%, Black = 64%.} 0-1

[Event "Josef Kupper Memorial 2019"]
[Site "Zurich"]
[Date "2019.08.16"]
[Round "4.13"]
[White "Beerdsen, Thomas"]
[Black "Sutter, Oliver"]
[Result "1/2-1/2"]
[WhiteElo "2491"]
[BlackElo "2344"]
[Annotator "ChessBase"]
[PlyCount "78"]
[EventDate "2019.08.14"]
[EventType "swiss"]
[EventCountry "SUI"]
[SourceTitle "playchess.com"]
[Source "ChessBase"]
[SourceQuality "1"]
[TimeControl "40/5400+30:1800+30"]

1. e4 {[%emt 0:02:21]} e6 {[%emt 0:00:02]} 2. d4 {[%emt 0:02:33]} d5 {[%emt 0:00:09]} 3. Nc3 {[%emt 0:00:25]} Nf6 {[%emt 0:00:07]} 4. e5 {[%emt 0:00:22]} Nfd7 {[%emt 0:00:06]} 5. f4 {[%emt 0:00:04]} c5 {[%emt 0:00:25]} 6. Nf3 {[%emt 0:00:06]} Nc6 {[%emt 0:00:13]} 7. Be3 {[%emt 0:00:05]} a6 {[%emt 0:00:29]} 8. Qd2 {[%emt 0:00:37]} b5 {[%emt 0:00:09]} 9. dxc5 {[%emt 0:01:04]} Bxc5 {[%emt 0:00:20]} 10. Bd3 {[%emt 0:00:58]} Qb6 {[%emt 0:00:46]} 11. Bf2 {[%emt 0:00:10]} Bxf2+ {[%emt 0:05:42]} 12. Qxf2 {[%emt 0:00:06]} Qxf2+ {[%emt 0:00:11]} 13. Kxf2 {[%emt 0:00:04]} O-O {[%emt 0:03:41]} 14. Rhe1 {[%emt 0:06:43]} f6 {[%emt 0:05:35]} 15. exf6 {[%emt 0:04:15]} Rxf6 {[%emt 0:03:54]} 16. Kg3 {[%emt 0:10:50]} Nc5 {[%emt 0:07:57]} 17. Ne5 {[%emt 0:12:26]} Nxe5 {[%emt 0:04:04]} 18. Rxe5 {[%emt 0:04:35]} Bb7 {[%emt 0:07:04]} 19. Ne2 {[%emt 0:03:27]} Raf8 {[%emt 0:01:49]} 20. h4 {[%emt 0:01:36]} Nd7 {[%emt 0:03:45]} 21. Re3 {[%emt 0:01:55]} Nc5 {[%emt 0:14:42]} 22. Rf1 {[%emt 0:06:38]} h6 {[%emt 0:04:01]} 23. h5 {[%emt 0:05:17]} g5 {[%emt 0:10:57]} 24. hxg6 {[%emt 0:00:26]} Nxd3 {[%emt 0:00:12]} 25. cxd3 {[%emt 0:01:26]} Rxg6+ {[%emt 0:00:11]} 26. Kh2 {[%emt 0:03:23]} d4 {[%emt 0:00:40]} 27. Rg3 {[%emt 0:00:59]} Rxg3 {[%emt 0:00:18]} 28. Kxg3 {[%emt 0:03:29]} Kf7 {[%emt 0:01:46]} 29. Kf2 {[%emt 0:04:09]} e5 {[%emt 0:02:18]} 30. Rh1 {[%emt 0:02:41]} Kg6 {[%emt 0:10:26]} 31. Kg3 {[%emt 0:04:49]} Rg8 {[%emt 0:02:02]} 32. Kf2 {[%emt 0:02:35]} Rf8 {[%emt 0:01:53]} 33. Rc1 {[%emt 0:05:17]} exf4 {[%emt 0:01:57]} 34. Nxd4 {[%emt 0:00:05]} Rc8 {[%emt 0:00:41]} 35. Re1 {[%emt 0:02:16]} Bd5 {[%emt 0:01:48]} 36. a3 {[%emt 0:02:21]} Kf6 {[%emt 0:00:40]} 37. Rh1 {[%emt 0:00:50]} Kg6 {[%emt 0:03:28]} 38. Re1 {[%emt 0:00:19]} Kf6 {[%emt 0:00:05]} 39. Rh1 {[%emt 0:00:04]} Ke5 1/2-1/2

[Event "Josef Kupper Memorial 2019"]
[Site "Zurich"]
[Date "2019.08.16"]
[Round "4.14"]
[White "Habibi, Ali"]
[Black "Harsha Bharathakoti"]
[Result "0-1"]
[WhiteElo "2186"]
[BlackElo "2489"]
[Annotator "ChessBase"]
[PlyCount "84"]
[EventDate "2019.08.14"]
[EventType "swiss"]
[EventCountry "SUI"]
[SourceTitle "playchess.com"]
[Source "ChessBase"]
[SourceQuality "1"]
[TimeControl "40/5400+30:1800+30"]

1. a3 {[%emt 0:00:00]} d5 {[%emt 0:00:10]} 2. Nf3 {[%emt 0:00:00]} Nf6 {[%emt 0:02:08]} 3. c4 {[%emt 0:00:02]} dxc4 {[%emt 0:06:34]} 4. Qa4+ {[%emt 0:03:33]} Nbd7 {[%emt 0:00:04]} 5. e3 {[%emt 0:02:57]} e6 {[%emt 0:01:04]} 6. Bxc4 {[%emt 0:00:21]} a6 {[%emt 0:00:11]} 7. d4 {[%emt 0:01:36]} Rb8 {[%emt 0:00:32]} 8. Qc2 {[%emt 0:00:24]} b5 {[%emt 0:01:03]} 9. Bd3 {[%emt 0:00:02]} c5 {[%emt 0:01:09]} 10. O-O {[%emt 0:05:09]} Bb7 {[%emt 0:03:05]} 11. Qe2 {[%emt 0:03:00]} Bd6 {[%emt 0:08:08]} 12. Nbd2 {[%emt 0:03:07]} cxd4 {[%emt 0:00:59]} 13. exd4 {[%emt 0:00:32]} O-O {[%emt 0:02:58]} 14. b3 {[%emt 0:00:40]} Qb6 {[%emt 0:07:39]} 15. Bb2 {[%emt 0:03:39]} Nd5 {[%emt 0:05:07]} 16. g3 {[%emt 0:01:10]} N5f6 {[%emt 0:02:38]} 17. Rfc1 {[%emt 0:00:25]} Bd5 {[%emt 0:04:24]} 18. Ng5 {[%emt 0:03:15]} Rfc8 {[%emt 0:09:48]} 19. b4 {[%emt 0:01:54]} Rxc1+ {[%emt 0:10:36]} 20. Rxc1 {[%emt 0:00:06]} a5 {[%emt 0:00:02]} 21. bxa5 {[%emt 0:20:37]} Qxa5 {[%emt 0:02:45]} 22. Nb1 {[%emt 0:08:20]} h6 {[%emt 0:08:38]} 23. Nf3 {[%emt 0:04:49]} Ba8 {[%emt 0:13:31]} 24. Ne5 {[%emt 0:05:50]} b4 {[%emt 0:00:12]} 25. axb4 {[%emt 0:06:41]} Qd5 {[%emt 0:00:21]} 26. f3 {[%emt 0:00:02]} Bxb4 {[%emt 0:00:14]} 27. Bc4 {[%emt 0:03:22]} Qd6 {[%emt 0:00:05]} 28. Rd1 {[%emt 0:01:36]} Qb6 {[%emt 0:02:52]} 29. Nxd7 {[%emt 0:02:01]} Nxd7 {[%emt 0:00:06]} 30. Kg2 {[%emt 0:00:28]} Nf6 {[%emt 0:01:08]} 31. Rd3 {[%emt 0:03:01]} Rd8 {[%emt 0:02:29]} 32. Rb3 {[%emt 0:03:09]} Qa5 {[%emt 0:01:04]} 33. Na3 {[%emt 0:04:10]} Bxa3 {[%emt 0:01:51]} 34. Rxa3 {[%emt 0:00:11]} Qc7 {[%emt 0:01:47]} 35. Rc3 {[%emt 0:02:51]} Qd6 {[%emt 0:00:42]} 36. Ra3 {[%emt 0:03:36]} Bd5 {[%emt 0:00:26]} 37. Bd3 {[%emt 0:00:38]} Rb8 {[%emt 0:00:12]} 38. Bc1 {[%emt 0:00:39]} Qc6 {[%emt 0:00:39]} 39. Be3 {[%emt 0:03:10]} Ng4 {[%emt 0:00:08]} 40. Bf2 {[%emt 0:01:40]} Qc1 {[%emt 0:01:59]} 41. Ra5 {[%emt 0:30:52]} Nxf2 {[%emt 0:30:26]} 42. Qxf2 {[%emt 0:00:23]} Rb2 {[%emt 0:00:00]} 0-1

[Event "Josef Kupper Memorial 2019"]
[Site "Zurich"]
[Date "2019.08.16"]
[Round "4.15"]
[White "Arjun Kalyan"]
[Black "Kiremitciyan, Ari"]
[Result "1-0"]
[WhiteElo "2482"]
[BlackElo "2276"]
[Annotator "ChessBase"]
[PlyCount "63"]
[EventDate "2019.08.14"]
[EventType "swiss"]
[EventCountry "SUI"]
[SourceTitle "playchess.com"]
[Source "ChessBase"]
[SourceQuality "1"]
[TimeControl "40/5400+30:1800+30"]

1. e4 {[%emt 0:00:00]} e5 {[%emt 0:00:00]} 2. Nf3 {[%emt 0:00:00]} Nc6 {[%emt 0:00:02]} 3. Bc4 {[%emt 0:00:00]} Bc5 {[%emt 0:00:08]} 4. O-O {[%emt 0:00:07]} Nf6 {[%emt 0:00:08]} 5. d3 {[%emt 0:00:05]} O-O {[%emt 0:00:21]} 6. Bg5 {[%emt 0:00:28]} h6 {[%emt 0:00:27]} 7. Bh4 {[%emt 0:00:07]} Be7 {[%emt 0:00:12]} 8. Bg3 {[%emt 0:00:23]} d6 {[%emt 0:00:39]} 9. a4 {[%emt 0:00:09]} Na5 {[%emt 0:09:30]} 10. Ba2 {[%emt 0:00:13]} c5 {[%emt 0:00:05]} 11. c3 {[%emt 0:02:20]} Nc6 {[%emt 0:03:38]} 12. Na3 {[%emt 0:01:54]} Be6 {[%emt 0:04:50]} 13. Nc4 {[%emt 0:03:30]} Qc8 {[%emt 0:14:47]} 14. h3 {[%emt 0:04:07]} Re8 {[%emt 0:04:22]} 15. Re1 {[%emt 0:01:54]} Bf8 {[%emt 0:02:00]} 16. Bh4 {[%emt 0:10:07]} g5 {[%emt 0:10:15]} 17. Bg3 {[%emt 0:00:18]} Qd7 {[%emt 0:04:45]} 18. Nh2 {[%emt 0:08:29]} Rad8 {[%emt 0:05:46]} 19. h4 {[%emt 0:05:30]} Bg7 {[%emt 0:08:05]} 20. hxg5 {[%emt 0:04:10]} hxg5 {[%emt 0:00:01]} 21. Nf3 {[%emt 0:03:14]} Nh7 {[%emt 0:04:22]} 22. Ne3 {[%emt 0:01:25]} Ne7 {[%emt 0:03:33]} 23. Bxe6 {[%emt 0:11:04]} fxe6 {[%emt 0:03:20]} 24. d4 {[%emt 0:04:24]} exd4 {[%emt 0:00:18]} 25. cxd4 {[%emt 0:00:03]} cxd4 {[%emt 0:01:35]} 26. Nxd4 {[%emt 0:00:07]} Bxd4 {[%emt 0:08:02]} 27. Qxd4 {[%emt 0:00:02]} Nc6 {[%emt 0:00:16]} 28. Qd3 {[%emt 0:08:01]} e5 {[%emt 0:06:34]} 29. Nf5 {[%emt 0:03:16]} Re6 {[%emt 0:01:40]} 30. Rad1 {[%emt 0:00:26]} Ne7 {[%emt 0:00:56]} 31. Qb3 {[%emt 0:00:26]} Kh8 {[%emt 0:01:26]} 32. Nxd6 {[%emt 0:00:41]} 1-0

[Event "Josef Kupper Memorial 2019"]
[Site "Zurich"]
[Date "2019.08.16"]
[Round "4.16"]
[White "Krishna C R G"]
[Black "Csajka, Felix"]
[Result "1-0"]
[WhiteElo "2444"]
[BlackElo "2186"]
[Annotator "NA"]
[PlyCount "77"]
[EventDate "2019.08.14"]
[EventType "swiss"]
[EventCountry "SUI"]
[SourceTitle "playchess.com"]
[Source "ChessBase"]
[SourceQuality "1"]
[TimeControl "40/5400+30:1800+30"]

1. d4 {[%emt 0:06:26]} Nf6 {[%emt 0:00:00]} 2. c4 {[%emt 0:00:17]} g6 {[%emt 0:00:00]} 3. g3 {[%emt 0:00:18]} c6 {[%emt 0:00:19]} 4. Bg2 {[%emt 0:00:23]} d5 {[%emt 0:00:14]} 5. Nd2 {[%emt 0:00:49]} Bg7 {[%emt 0:01:03]} 6. Ngf3 {[%emt 0:00:07]} O-O {[%emt 0:01:15]} 7. O-O {[%emt 0:00:04]} Bf5 {[%emt 0:03:23]} 8. e3 {[%emt 0:22:38]} Nbd7 {[%emt 0:08:36]} 9. Re1 {[%emt 0:02:11]} Re8 {[%emt 0:07:27]} 10. h3 {[%emt 0:13:07]} Ne4 {[%emt 0:17:55]} 11. Nh4 {[%emt 0:19:18]} Nxd2 {[%emt 0:02:30]} 12. Bxd2 {[%emt 0:00:53]} Be6 {[%emt 0:08:42]} 13. cxd5 {[%emt 0:02:08]} cxd5 {[%emt 0:02:26]} 14. Qb3 {[%emt 0:01:14]} Nb6 {[%emt 0:01:13]} 15. Ba5 {[%emt 0:05:01]} Qd6 {[%emt 0:01:14]} 16. Nf3 {[%emt 0:00:02]} Nc4 {[%emt 0:01:08]} 17. Bb4 {[%emt 0:00:08]} Qd7 {[%emt 0:01:09]} 18. Ng5 {[%emt 0:00:23]} b5 {[%emt 0:02:16]} 19. Nxe6 {[%emt 0:01:01]} fxe6 {[%emt 0:02:18]} 20. Rac1 {[%emt 0:15:23]} Rec8 {[%emt 0:01:55]} 21. Red1 {[%emt 0:04:05]} a5 {[%emt 0:01:59]} 22. Be1 {[%emt 0:01:09]} b4 {[%emt 0:01:49]} 23. Rb1 {[%emt 0:02:10]} Rab8 {[%emt 0:03:09]} 24. Qd3 {[%emt 0:00:28]} Nb6 {[%emt 0:02:41]} 25. e4 {[%emt 0:02:15]} dxe4 {[%emt 0:01:11]} 26. Qxe4 {[%emt 0:00:08]} Rc4 {[%emt 0:00:33]} 27. h4 {[%emt 0:00:42]} Qd6 {[%emt 0:01:59]} 28. Bh3 {[%emt 0:00:21]} Rxd4 {[%emt 0:00:41]} 29. Bxe6+ {[%emt 0:00:30]} Kh8 {[%emt 0:00:27]} 30. Rxd4 {[%emt 0:00:02]} Bxd4 {[%emt 0:00:48]} 31. Rd1 {[%emt 0:01:15]} Rd8 {[%emt 0:02:14]} 32. Kg2 {[%emt 0:00:01]} Na4 {[%emt 0:00:42]} 33. Bb3 {[%emt 0:01:01]} Nc5 {[%emt 0:00:33]} 34. Qf3 {[%emt 0:00:23]} e5 {[%emt 0:02:06]} 35. Bc4 {[%emt 0:00:10]} Rf8 {[%emt 0:05:07]} 36. Qe2 {[%emt 0:00:00]} Qc6+ {[%emt 0:03:00]} 37. Kh2 {[%emt 0:00:01]} Ne4 {[%emt 0:05:15]} 38. f4 {[%emt 0:00:01]} Nd6 {[%emt 0:05:10]} 39. Rxd4 {[%emt 0:00:01]} 1-0